Annette Davies and Onsite Concrete Ltd v Bramwell and others (Record no. 79377)

MARC details
000 -LEADER
fixed length control field 01814cad a22001935a 4500
001 - CONTROL NUMBER
control field L140936
008 - FIXED-LENGTH DATA ELEMENTS--GENERAL INFORMATION
fixed length control field 071022e20070717xxk f v 000 0 eng d
035 ## - SYSTEM CONTROL NUMBER
System control number (Sirsi) u140936
041 0# - LANGUAGE CODE
Language code of text/sound track or separate title eng
245 00 - TITLE STATEMENT
Title Annette Davies and Onsite Concrete Ltd v Bramwell and others
Medium [electronic resource]
260 ## - PUBLICATION, DISTRIBUTION, ETC.
Date of publication, distribution, etc. 2007
520 ## - SUMMARY, ETC.
Summary, etc. [2007] EWCA Civ 821;CA (CivDiv) 17 July 2007. B/5/2006/0182; B5/2006/0182(B). Property professionals need to give careful consideration to the particular circumstances under which real property is used not only the explicit wording or drafting suitable clauses in legal documentation. Easements may be implicit depending on the particular circumstances. Case involved whether or not a right of way across the forecourt had been granted to another garage owner in a conveyance to give effect to the common intention of the parties regarding the manner or purposes of use for which land was granted or retained. The appellant garage owner (Davies) appealed against a decision that the respondent garage owners (Bramwell and others) had a right of way over land belonging to her after part of her land had been conveyed to another business. Issues: whether there was a common intention of the parties that the land granted should be used in a specific way; whether the grant of the easement is necessary to give effect to that intention. Held: Appeal dismissed; a right of way had been implicitly granted not by the terms of the grant but by the circumstances under which it was made.
590 ## - LOCAL NOTE (RLIN)
Local note ka
650 24 - SUBJECT ADDED ENTRY--TOPICAL TERM
Topical term or geographic name entry element ANNETTE DAVIES AND ONSITE CONCRETE LTD V BRAMWELL AND OTHERS
651 #4 - SUBJECT ADDED ENTRY--GEOGRAPHIC NAME
Geographic name England and Wales
Chronological subdivision 1543-
690 ## - LOCAL SUBJECT ADDED ENTRY--TOPICAL TERM (OCLC, RLIN)
Topical term or geographic name as entry element Boundary disputes
9 (RLIN) 6221
856 40 - ELECTRONIC LOCATION AND ACCESS
Uniform Resource Identifier <a href="www.bailii.org/ew/cases/EWCA/Civ/2007/821.html ">www.bailii.org/ew/cases/EWCA/Civ/2007/821.html </a>
Public note View the judgment free of charge at www.bailii.org...
942 ## - ADDED ENTRY ELEMENTS (KOHA)
Suppress in OPAC 0
Holdings
Withdrawn status Lost status Source of classification or shelving scheme Damaged status Not for loan Home library Current library Shelving location Date acquired Total Checkouts Full call number Barcode Date last seen Copy number Price effective from Koha item type
    Dewey Decimal Classification     Virtual Virtual Online 22/10/2007   ONLINE PUBLICATION 140936-1001 06/08/2019 1 06/08/2019 Journal article